书目信息 |
| 题名: |
热工学基础
|
|
| 作者: | 贾永康 , 徐红梅 主编 | |
| 分册: | ||
| 出版信息: | 武汉 武汉理工大学出版社 2008.8 |
|
| 页数: | 194页 | |
| 开本: | 26cm | |
| 丛书名: | ||
| 单 册: | ||
| 中图分类: | TK122 | |
| 科图分类: | ||
| 主题词: | 热工学--高等教育--教材 , 热工学 | |
| 电子资源: | ||
| ISBN: | 978-7-5629-2780-8 | |
| 000 | 01029nam0 2200265 45 | |
| 001 | 1355411749 | |
| 005 | 20130513151035.04 | |
| 010 | @a978-7-5629-2780-8@dCNY22.00 | |
| 100 | @a20130108d2008 em y0chiy0110 ea | |
| 101 | 0 | @achi |
| 102 | @aCN@b420000 | |
| 105 | @aa z 000yy | |
| 106 | @ar | |
| 200 | 1 | @a热工学基础@ARe Gong Xue Ji Chu@f贾永康,徐红梅主编@FJia Yong Kang, Xu Hong Mei Zhu Bian |
| 210 | @a武汉@c武汉理工大学出版社@d2008.8 | |
| 215 | @a194页@c图@d26cm | |
| 300 | @a高等职业技术教育建筑设备类专业规划教材 | |
| 330 | @a全书分为工程热力学和传热学两部分。工程热力部分介绍了工程热力学基本概念及气体状态方程式、热力学第一定律和第二定律、水蒸气、湿空气以及工程热力学原理应用举例等内容。传热学部分介绍了稳定导热、对流换热、辐射换热、稳定传热及传热学应用举例等内容。 | |
| 606 | 0 | @a热工学@x高等教育@j教材 |
| 606 | 0 | @a热工学 |
| 690 | @aTK122@v5 | |
| 701 | 0 | @a贾永康@AJia Yong Kang@4主编 |
| 701 | 0 | @a徐红梅@AXu Hong Mei@g(女,@4主编 |
| 801 | @aCN@bTANGWEI@c20130111 | |
| 905 | @b0831120-23@dTK122@e112@f3 | |
| 热工学基础/贾永康,徐红梅主编.-武汉:武汉理工大学出版社,2008.8 |
| 194页:图;26cm |
| 高等职业技术教育建筑设备类专业规划教材 |
| ISBN 978-7-5629-2780-8:CNY22.00 |
| 全书分为工程热力学和传热学两部分。工程热力部分介绍了工程热力学基本概念及气体状态方程式、热力学第一定律和第二定律、水蒸气、湿空气以及工程热力学原理应用举例等内容。传热学部分介绍了稳定导热、对流换热、辐射换热、稳定传热及传热学应用举例等内容。 |
| ● |
| 相关链接 |
|
|
|
|
正题名:热工学基础
索取号:TK122/112
 
预约/预借
| 序号 | 登录号 | 条形码 | 馆藏地/架位号 | 状态 | 备注 |
| 1 | 0831120 | 208311209 | 第二样本阅览室/ [索取号:TK122/112] | 在馆 | |
| 2 | 0831121 | 208311218 | 第三借阅区/ [索取号:TK122/112] | 在馆 | |
| 3 | 0831122 | 208311227 | 第三借阅区/ [索取号:TK122/112] | 在馆 |